| 000 | 00799nac a22002171u 4500 | ||
|---|---|---|---|
| 010 | _a 73178311 | ||
| 020 |
_a0582441447 _a0582441455 (pbk.) |
||
| 082 | 0 | 0 |
_a620.0042 _bFUC |
| 090 |
_c6491 _d6491 |
||
| 100 | _aFuchs, H. O. | ||
| 245 | 1 | 0 |
_a10 cases in engineering design, _cedited by H. O. Fuchs and R. F. Steidel, Jr. |
| 260 |
_a[London] _bLongman,[1973] _c[1973] |
||
| 300 |
_ax, 399 p. _billus. _c28 cm. |
||
| 500 | _adistributer: Al-Ahram | ||
| 504 | _aIncludes bibliographical references. | ||
| 511 | _acatalgoued by: wessam | ||
| 650 | 0 |
_aEngineering design _xCase studies. |
|
| 700 | 1 |
_aSteidel, Robert F., _d1926- |
|
| 942 |
_cBB _k620.0042FUC |
||
| 999 |
_c6491 _d6491 |
||